| 000 | 00800nam a22002657a 4500 | ||
|---|---|---|---|
| 001 | BR9403782 | ||
| 003 | BR-BrBNA | ||
| 005 | 20230928094227.0 | ||
| 007 | ta | ||
| 008 | 230509b bl.||||| |||| 00| 0 por d | ||
| 040 |
_aBR-BrBNA _bpor _cBiblioteca Nacional de Agricultura |
||
| 041 | _a(Por) | ||
| 072 |
_aE71 _b1220 |
||
| 090 | _ 1220 BR9403782 | ||
| 110 | 1 |
_aSindicato das Industrias da Castanha de Caju do Estado do Ceara, Fortaleza (Brasil) _99505 |
|
| 245 | 1 | _aSeminario Castanha de Caju: uma vocacao exportadora do Ceara - Observacoes e reflexoes para debate | |
| 260 | 3 |
_aFortaleza, CE (Brasil): _c1992. |
|
| 300 | _a33 p. | ||
| 500 | _a14 tables | ||
| 650 | _aCastanha de Caju | ||
| 650 | _aExportacao | ||
| 650 | _aCeara | ||
| 909 |
_a202309 _bLucia _c55 _dLucia Elande |
||
| 942 | _cBK | ||
| 999 |
_c49525 _d49525 |
||